SMAKI NAPOJU TYMBARK - Statystyki

Ogólne statystyki
  • Ten quiz został rozwiązany 410 razy
  • Średni wynik to 3 z 6
Statystyki odpowiedzi
Odpowiedź % Poprawnych
JABŁKO-MIĘTA
96%
JABŁKO-WIŚNIA
80%
JABŁKO-BRZOSKWINIA
56%
POMARAŃCZA-BRZOSKWINIA
47%
MALINA-MIĘTA
33%
CYTRYNA-MIĘTA
29%
Nie znaleziono quizów pasujących do podanych kryteriów
Rozkład punktacji
Procent ludzi z każdym wynikiem
Percentyl według liczby udzielonych odpowiedzi
Twoja historia wyników
Nie rozwiązałeś tego quizu